| 000 | 00708cam a2200229 a 4500 | ||
|---|---|---|---|
| 001 | 3108125 | ||
| 005 | 20180207033433.0 | ||
| 008 | 790416s1918 ilu b 001 0 eng | ||
| 010 | _a 25018956 | ||
| 040 |
_aDLC _cDLC _dDLC |
||
| 041 | _aeng | ||
| 043 | _an-us--- | ||
| 051 |
_aKF8742 _b.M9 1918 Copy 3 _cWith author's presentation inscription to Carl H. Pforzheimer. |
||
| 080 | _a94 GUS | ||
| 100 | 1 | _a16 | |
| 101 | _aHIS | ||
| 245 | 1 | 0 |
_aHistory of the Supreme Court of the United States / _cby Gustavus Myers. |
| 504 | _aIncludes bibliographical references and index. | ||
| 906 |
_a7 _bcbc _cpremver _d1 _encip _f19 _gy-gencatlg |
||
| 942 |
_2ddc _cBK |
||
| 999 |
_c41973 _d41973 |
||